[Event "Tradewise Gibraltar"]
[Site "Catalan Bay GIB"]
[Date "2018.01.23"]
[EventDate "2018.01.23"]
[Round "1.19"]
[Result "1/2-1/2"]
[White "Dominik Horvath"]
[Black "Emil Sutovsky"]
[WhiteElo "2329"]
[BlackElo "2673"]
[PlyCount "142"]

1. Nf3 Nf6 2. c4 g6 3. Nc3 d5 4. cxd5 Nxd5 5. Qb3 Nb6 6. d4
Bg7 7. Bf4 Be6 8. Qa3 c6 9. e3 O-O 10. Rd1 N8d7 11. Ng5 Bd5
12. e4 e5 13. dxe5 Re8 14. Nf3 Nc4 15. Qb3 Ncxe5 16. Nxd5 cxd5
17. Rxd5 Ng4 18. Ng5 Qf6 19. g3 h6 20. Nxf7 Rxe4+ 21. Be2 Qe6
22. Rd2 Rxe2+ 23. Rxe2 Qxb3 24. Nxh6+ Bxh6 25. axb3 Bxf4
26. gxf4 Rf8 27. f3 Ngf6 28. Rg1 Kf7 29. Reg2 Re8+ 30. Kd2 Rd8
31. Kc2 Rh8 32. Rxg6 Rxh2+ 33. R6g2 Rh3 34. Rg3 Rh4 35. f5 Rf4
36. Rg5 Rxf3 37. b4 Rf2+ 38. Kb3 Rf3+ 39. Kc2 a6 40. R1g2 Rf4
41. Kb3 Rf3+ 42. Kc2 Rf4 43. Kb3 b5 44. Rg1 Nb6 45. Rg7+ Kf8
46. Rb7 Nbd5 47. Rh1 Ne7 48. Rh8+ Kf7 49. Ra8 Nd5 50. Ka3 Rf3+
51. b3 Rf2 52. Rc8 Ne3 53. Rcc7 Nd5 54. Rc5 Ke8 55. Ra7 Rf1
56. Ra8+ Kd7 57. Ra7+ Kd8 58. Ra8+ Kd7 59. Ra7+ Ke8 60. Ra8+
Kf7 61. Ra7 Rd1 62. Rc6 Ra1+ 63. Kb2 Rf1 64. Ka3 Ra1+ 65. Kb2
Rf1 66. Ka3 Rf2 67. Rc5 Ne3 68. Rcc7 Nc2+ 69. Rxc2 Rxc2 70. f6
Kxf6 71. Rxe7 Kxe7 1/2-1/2

[Event "Tradewise Gibraltar"]
[Site "Catalan Bay GIB"]
[Date "2018.01.23"]
[EventDate "2018.01.23"]
[Round "1.63"]
[Result "0-1"]
[White "Ignacio Barraza Caracuel"]
[Black "Babu M R Lalith"]
[WhiteElo "2185"]
[BlackElo "2542"]
[PlyCount "78"]

1. d4 d5 2. Nf3 Nc6 3. Bf4 Bg4 4. h3 Bxf3 5. exf3 e6 6. c3 Bd6
7. Bxd6 Qxd6 8. Bb5 Ne7 9. O-O O-O-O 10. b4 h5 11. Re1 g5
12. Bxc6 Qxc6 13. a4 Rdg8 14. Qe2 Rh6 15. Qb5 Qxb5 16. axb5
Kb8 17. Na3 Nf5 18. g3 Nd6 19. Kf1 Kc8 20. Ke2 Kd7 21. Kd3 h4
22. g4 Ra8 23. Re3 Rf6 24. Ke2 Rf4 25. Kf1 a6 26. bxa6 Rxa6
27. Nc2 Rxa1+ 28. Nxa1 Nc4 29. Rd3 Kc6 30. Nc2 Kb5 31. Ke2 Ka4
32. Ne3 Rf6 33. Ng2 e5 34. dxe5 Nxe5 35. Rxd5 Nxf3 36. Ne3
Ng1+ 37. Kf1 Nxh3 38. Nf5 Nf4 39. Rd7 Rc6 0-1

[Event "Tradewise Gibraltar"]
[Site "Catalan Bay GIB"]
[Date "2018.01.23"]
[EventDate "2018.01.23"]
[Round "1.77"]
[Result "0-1"]
[White "Gustavo Barrenechea Bahamonde"]
[Black "Dmitrij Kollars"]
[WhiteElo "2127"]
[BlackElo "2505"]
[PlyCount "88"]

1. e4 e5 2. d4 exd4 3. Qxd4 Nc6 4. Qa4 Nf6 5. Nc3 Bb4 6. Bd3
d5 7. exd5 Qxd5 8. Ne2 Bxc3+ 9. bxc3 Bf5 10. O-O Bxd3 11. cxd3
O-O-O 12. d4 Rhe8 13. Nf4 Qf5 14. Be3 g5 15. Ne2 Nd5 16. c4
Nxe3 17. fxe3 Qd3 18. d5 Ne5 19. Ng3 Nxc4 20. Rad1 Qxe3+
21. Kh1 Nd6 22. Nf5 Nxf5 23. Rxf5 Re4 24. Qb5 a6 25. Qb1 Rd7
26. Rf3 Qe2 27. Rff1 Rde7 28. Rc1 Kb8 29. d6 cxd6 30. Qb6 R4e6
31. h3 Qb5 32. Qd8+ Ka7 33. Rb1 Qe8 34. Qb6+ Ka8 35. Kh2 d5
36. Qd4 Qb8+ 37. Kh1 Qe5 38. Qb4 Qe4 39. Qa5 g4 40. Rfc1 Ka7
41. Qc5+ b6 42. Qc8 d4 43. Rb3 Qf4 44. g3 Re1+ 0-1

[Event "Tradewise Gibraltar"]
[Site "Catalan Bay GIB"]
[Date "2018.01.23"]
[EventDate "2018.01.23"]
[Round "1.111"]
[Result "0-1"]
[White "Mitchell R Burke"]
[Black "David Gavrilescu"]
[WhiteElo "1989"]
[BlackElo "2437"]
[PlyCount "28"]

1. d4 Nf6 2. Bf4 c5 3. c3 cxd4 4. cxd4 Qb6 5. b3 Nc6 6. e3 e5
7. dxe5 Bb4+ 8. Nd2 Ne4 9. Nf3 g5 10. Bg3 g4 11. Qc2 Nxg3
12. hxg3 gxf3 13. O-O-O Nxe5 14. Qe4 Qc6+ 0-1

[Event "Tradewise Gibraltar"]
[Site "Catalan Bay GIB"]
[Date "2018.01.24"]
[EventDate "2018.01.23"]
[Round "2.11"]
[Result "0-1"]
[White "Evgeny Zanan"]
[Black "David Howell"]
[WhiteElo "2482"]
[BlackElo "2682"]
[PlyCount "124"]

1. d4 Nf6 2. c4 e6 3. Nc3 Bb4 4. e3 O-O 5. Ne2 d5 6. a3 Be7
7. cxd5 exd5 8. Nf4 c6 9. Bd3 a5 10. O-O Na6 11. f3 Nc7
12. Bc2 c5 13. dxc5 Bxc5 14. Kh1 Ra6 15. Rb1 d4 16. exd4 Bxd4
17. Nfe2 Ba7 18. Qxd8 Rxd8 19. Bf4 Ncd5 20. Nxd5 Nxd5 21. Rbd1
Bb6 22. Bg5 f6 23. Bc1 Be6 24. Bb3 Raa8 25. Nc3 Nc7 26. Rxd8+
Rxd8 27. Bxe6+ Nxe6 28. g3 Kf7 29. Kg2 Bd4 30. Nb5 Bb6 31. Nc3
f5 32. Rd1 Rxd1 33. Nxd1 Bd4 34. Ne3 Bxe3 35. Bxe3 a4 36. Kf1
Kf6 37. f4 Ke7 38. Ke2 Kd6 39. Kd3 Kd5 40. Bf2 h5 41. Ba7 h4
42. Ke3 hxg3 43. hxg3 Kc4 44. Bb8 g6 45. Be5 Nc5 46. Bg7 Nd7
47. Bd4 b5 48. Bg7 Nb6 49. Bh8 Kb3 50. Kd2 Nc4+ 51. Kc1 Nd6
52. Bf6 Ne4 53. Bh4 Nf2 54. Kb1 Ne4 55. Kc1 Kc4 56. Kc2 Kd4
57. b3 Ke3 58. bxa4 bxa4 59. Bd8 Kd4 60. Be7 Nxg3 61. Bd6 Ke3
62. Bc7 Ne2 0-1

[Event "Tradewise Gibraltar"]
[Site "Catalan Bay GIB"]
[Date "2018.01.24"]
[EventDate "2018.01.23"]
[Round "2.55"]
[Result "1-0"]
[White "Dmitrij Kollars"]
[Black "Andy Baert"]
[WhiteElo "2505"]
[BlackElo "2164"]
[PlyCount "123"]

1. e4 c5 2. Nf3 d6 3. Bb5+ Nd7 4. O-O Nf6 5. Re1 a6 6. Bd3 b5
7. c4 bxc4 8. Bxc4 Nb6 9. d3 e6 10. Bb3 Be7 11. Nc3 O-O 12. d4
cxd4 13. Nxd4 Bb7 14. Bxe6 fxe6 15. Nxe6 Qc8 16. Nxf8 Kxf8
17. Bf4 Qe6 18. Qd4 Nbd7 19. Rad1 Ne5 20. Qb6 Qc8 21. Nd5 Bxd5
22. exd5 Nfd7 23. Qe3 Bf6 24. Qh3 Qc2 25. Rc1 Qxb2 26. Qxh7
Re8 27. Qh8+ Ke7 28. Qh3 Kf8 29. Be3 Qb7 30. Red1 Kg8 31. Rb1
Qc7 32. Rdc1 Nc5 33. Bxc5 dxc5 34. Re1 Qc8 35. Qh5 Nf7
36. Rxe8+ Qxe8 37. d6 Nxd6 38. Qxc5 Nb5 39. Kf1 Nc3 40. Qc4+
Kh7 41. Rb3 Qd7 42. g4 Qd2 43. Qe6 Qf4 44. a3 a5 45. Kg2 Be5
46. Qf5+ Qxf5 47. gxf5 Kh6 48. f4 Bf6 49. Kf3 Kh7 50. Rb7 Kg8
51. Ke3 Kf8 52. Kd3 Ke8 53. Ra7 a4 54. Kc4 Kd8 55. h4 Ke8
56. h5 Kf8 57. Ra6 Nd1 58. Kd5 Kg8 59. h6 Bb2 60. Ra8+ Kh7
61. hxg7 Kxg7 62. Ke6 1-0

[Event "Tradewise Gibraltar"]
[Site "Catalan Bay GIB"]
[Date "2018.01.24"]
[EventDate "2018.01.23"]
[Round "2.70"]
[Result "0-1"]
[White "Javier Longa Yauca"]
[Black "Ju Wenjun"]
[WhiteElo "2198"]
[BlackElo "2572"]
[PlyCount "96"]

1. c4 Nf6 2. Nc3 e6 3. d4 Bb4 4. e3 O-O 5. Bd3 c5 6. Ne2 cxd4
7. exd4 d5 8. O-O dxc4 9. Bxc4 Nbd7 10. Qb3 Be7 11. Bf4 Nb6
12. Bd3 Bd7 13. Rad1 Bc6 14. Bb5 Bxb5 15. Nxb5 Nfd5 16. Be5
Qd7 17. Rc1 a6 18. Nbc3 Rfc8 19. Ne4 Qb5 20. N2c3 Qxb3
21. axb3 Nb4 22. Rfd1 Rc6 23. Nc5 f6 24. Bg3 Bxc5 25. dxc5
N6d5 26. Na4 Rac8 27. Rc4 a5 28. Kf1 Kf7 29. Ke2 e5 30. f3 Ke6
31. Rd2 g5 32. Bf2 f5 33. g3 h5 34. h3 f4 35. g4 hxg4 36. hxg4
Rh8 37. Nc3 Nxc3+ 38. bxc3 Nd5 39. Rc2 Rh2 40. Kd3 Nf6 41. Ra4
e4+ 42. fxe4 Nxg4 43. Bd4 Rh3+ 44. Kd2 Nf6 45. Kc1 Nxe4
46. Rxa5 f3 47. b4 g4 48. Ra8 g3 0-1

[Event "Tradewise Gibraltar"]
[Site "Catalan Bay GIB"]
[Date "2018.01.24"]
[EventDate "2018.01.23"]
[Round "2.82"]
[Result "1-0"]
[White "Ivan Cheparinov"]
[Black "Thomas Bopp"]
[WhiteElo "2699"]
[BlackElo "2154"]
[PlyCount "43"]

1. e4 c6 2. d4 d5 3. e5 Bf5 4. h4 h5 5. Bd3 Bxd3 6. Qxd3 e6
7. Bg5 Qa5+ 8. Nd2 c5 9. Nf3 Nc6 10. O-O cxd4 11. Nb3 Qa6
12. Qxa6 bxa6 13. Rac1 Be7 14. c4 dxc3 15. Rxc3 Bxg5 16. hxg5
Nge7 17. Rfc1 Rc8 18. Nfd4 Kd7 19. Nc5+ Kc7 20. Nxc6 Nxc6
21. g6 Nxe5 22. Nd3+ 1-0

[Event "Tradewise Gibraltar"]
[Site "Catalan Bay GIB"]
[Date "2018.01.24"]
[EventDate "2018.01.23"]
[Round "2.98"]
[Result "1/2-1/2"]
[White "Alistair Compton"]
[Black "Stephen Jessel"]
[WhiteElo "2082"]
[BlackElo "2342"]
[PlyCount "88"]

1. e4 e6 2. d4 d5 3. Nc3 Nf6 4. Bg5 Bb4 5. e5 h6 6. Bh4 g5
7. Bg3 Ne4 8. Ne2 f5 9. f3 Nxg3 10. hxg3 Qe7 11. a3 Ba5 12. b4
Bb6 13. Na4 Bd7 14. Nec3 Kf8 15. Be2 Kg7 16. f4 Nc6 17. Nxb6
axb6 18. b5 Na5 19. g4 Raf8 20. fxg5 Qxg5 21. Rh5 Qf4 22. gxf5
Rxf5 23. Rxf5 Qxf5 24. Bd3 Qg5 25. Qd2 Qg4 26. Qe2 Qxd4
27. O-O-O Qf4+ 28. Kb1 Rf8 29. Re1 Be8 30. g3 Qg5 31. Nd1 Bh5
32. Qe3 Bxd1 33. Qxg5+ hxg5 34. Rxd1 c5 35. Re1 Rh8 36. Rf1
Rh6 37. Kb2 Nc4+ 38. Bxc4 dxc4 39. Kc3 Rh3 40. Rf3 g4 41. Re3
Kg6 42. Kxc4 Rh2 43. c3 Kf5 44. Rd3 Rg2 1/2-1/2

[Event "Tradewise Gibraltar"]
[Site "Catalan Bay GIB"]
[Date "2018.01.24"]
[EventDate "2018.01.23"]
[Round "2.127"]
[Result "1/2-1/2"]
[White "Aaron Bendayan Claros"]
[Black "Kimiya Sajjadi"]
[WhiteElo "2191"]
[BlackElo "1911"]
[PlyCount "72"]

1. d4 e6 2. c4 Nf6 3. Nc3 Bb4 4. e3 O-O 5. Ne2 d5 6. a3 Bd6
7. Ng3 c6 8. Qc2 e5 9. cxd5 exd4 10. exd4 Nxd5 11. Nce4 Re8
12. Be2 Nf4 13. Bxf4 Bxf4 14. Rd1 Qa5+ 15. Nc3 Bg4 16. O-O
Bxe2 17. Ngxe2 Bd6 18. d5 Be5 19. Rd3 Qc7 20. g3 cxd5 21. Rfd1
Nd7 22. Qd2 Nf6 23. Nxd5 Nxd5 24. Rxd5 Qb6 25. b4 Qa6 26. Rd7
Bf6 27. Nf4 Qxa3 28. Qd5 Qxb4 29. Qxf7+ Kh8 30. Ne6 Qc4
31. R1d5 Qg4 32. Nf4 Rf8 33. Qe6 Qxe6 34. Nxe6 Rfe8 35. Nc7
Re1+ 36. Kg2 Rc8 1/2-1/2

[Event "Tradewise Gibraltar"]
[Site "Catalan Bay GIB"]
[Date "2018.01.25"]
[EventDate "2018.01.23"]
[Round "3.31"]
[Result "1-0"]
[White "Rasmus Svane"]
[Black "David Gavrilescu"]
[WhiteElo "2595"]
[BlackElo "2437"]
[PlyCount "45"]

1. d4 Nf6 2. c4 e6 3. g3 d5 4. Bg2 Bb4+ 5. Nd2 O-O 6. Nf3 dxc4
7. Qc2 a5 8. a3 Bxd2+ 9. Bxd2 b5 10. a4 c6 11. e4 h6 12. g4
Nbd7 13. g5 hxg5 14. e5 Nh7 15. h4 Ra6 16. hxg5 g6 17. Qe4 Re8
18. Qh4 Ndf8 19. Qh2 f5 20. gxf6 bxa4 21. Bf4 Qc7 22. f7+ Kxf7
23. Qxh7+ 1-0

[Event "Tradewise Gibraltar"]
[Site "Catalan Bay GIB"]
[Date "2018.01.25"]
[EventDate "2018.01.23"]
[Round "3.97"]
[Result "1-0"]
[White "Sharma del Hemant"]
[Black "Alain Ranaivoharisoa"]
[WhiteElo "2348"]
[BlackElo "2142"]
[PlyCount "71"]

1. e4 c5 2. Nc3 d6 3. f4 Nc6 4. Nf3 g6 5. Bb5 Bg7 6. O-O e6
7. e5 d5 8. d4 cxd4 9. Ne2 Ne7 10. Nexd4 O-O 11. Be3 Bd7
12. Bd3 Nxd4 13. Nxd4 Qc7 14. c3 f6 15. exf6 Bxf6 16. Qd2 a6
17. Rae1 Nc6 18. Nxc6 bxc6 19. Bc5 Rfe8 20. Qf2 a5 21. h4 Be7
22. Bd4 c5 23. Be5 Bd6 24. h5 Bxe5 25. Rxe5 c4 26. Bb1 Qa7
27. hxg6 h6 28. Re3 Rf8 29. Kh1 Rf6 30. Qh4 Kg7 31. Rfe1 Raf8
32. f5 Qb8 33. Rh3 Rh8 34. Qd4 e5 35. Rxe5 Re8 36. Qf4 1-0

[Event "Tradewise Gibraltar"]
[Site "Catalan Bay GIB"]
[Date "2018.01.25"]
[EventDate "2018.01.23"]
[Round "3.106"]
[Result "1-0"]
[White "Vladislav Bliumberg"]
[Black "Alek Safarian"]
[WhiteElo "2276"]
[BlackElo "2006"]
[PlyCount "95"]

1. d4 d5 2. Bf4 Nf6 3. e3 Bf5 4. c4 e6 5. Nc3 c6 6. Qb3 Qb6
7. c5 Qxb3 8. axb3 Nbd7 9. b4 Be7 10. Nf3 Nh5 11. b5 Nxf4
12. exf4 O-O 13. Be2 Rfc8 14. O-O cxb5 15. Bxb5 Nb8 16. Ra2
Nc6 17. Rfa1 a6 18. Bxc6 Rxc6 19. g4 Be4 20. Ne5 Rc7 21. f3
Bg6 22. f5 f6 23. Nxg6 hxg6 24. fxe6 Rd8 25. f4 f5 26. g5 Bxc5
27. dxc5 Rxc5 28. Ra4 d4 29. Rd1 d3 30. e7 Re8 31. Rxd3 Rxe7
32. Rad4 Ra5 33. Rd8+ Kf7 34. R8d7 Ra1+ 35. Kf2 Re1 36. Rxe7+
Rxe7 37. Ne2 Rc7 38. Nd4 Ke7 39. Nf3 Rc2+ 40. Rd2 Rc4 41. Kg3
Rb4 42. Ne5 Rb6 43. Rd7+ Kf8 44. Rf7+ Kg8 45. Rc7 Rb3+ 46. Rc3
Rxb2 47. Rc8+ Kh7 48. Nf7 1-0

[Event "Tradewise Gibraltar"]
[Site "Catalan Bay GIB"]
[Date "2018.01.26"]
[EventDate "2018.01.23"]
[Round "4.85"]
[Result "1-0"]
[White "Jose Fernando Cuenca Jimenez"]
[Black "Paulo Pinho"]
[WhiteElo "2489"]
[BlackElo "2186"]
[PlyCount "65"]

1. e4 c5 2. Nf3 e6 3. g3 d6 4. Bg2 b6 5. O-O Bb7 6. Re1 Nf6
7. Nc3 a6 8. d4 cxd4 9. Nxd4 Qc7 10. Nd5 exd5 11. exd5+ Kd8
12. Bg5 Nd7 13. Qe2 Qc5 14. Nb3 Qc8 15. c4 Kc7 16. Nd4 h6
17. Bd2 g6 18. b4 Bg7 19. Rac1 Re8 20. Be3 Kb8 21. h3 Ne4
22. Qd3 f5 23. Ne6 Bb2 24. Rc2 Bf6 25. Bxh6 Ne5 26. Qb3 g5
27. c5 bxc5 28. bxc5 Rxe6 29. dxe6 d5 30. e7 Nc4 31. h4 gxh4
32. Rxc4 dxc4 33. Bf4+ 1-0

[Event "Tradewise Gibraltar"]
[Site "Catalan Bay GIB"]
[Date "2018.01.26"]
[EventDate "2018.01.23"]
[Round "4.126"]
[Result "1-0"]
[White "Said Francois-Haugrin"]
[Black "Miguel Sanjuan Garcia"]
[WhiteElo "1714"]
[BlackElo "2019"]
[PlyCount "108"]

1. e4 c5 2. Nc3 Nc6 3. f4 g6 4. Nf3 Bg7 5. Bc4 e6 6. e5 d5
7. Bb5 Ne7 8. d4 cxd4 9. Nxd4 O-O 10. O-O a6 11. Bxc6 bxc6
12. Nb3 Nf5 13. Nc5 h5 14. g4 hxg4 15. Qxg4 Qe7 16. N3a4 Rd8
17. Bd2 a5 18. Rfe1 Qa7 19. Kh1 Bf8 20. Nb3 Bb4 21. c3 Be7
22. Qg1 d4 23. h3 c5 24. cxd4 Bb7+ 25. Kh2 Nxd4 26. Nxd4 Rxd4
27. Bc3 Rxa4 28. f5 exf5 29. e6 Bd6+ 30. Be5 Bxe5+ 31. Rxe5
Qb8 32. exf7+ Kxf7 33. Qxc5 Re4 34. Qe7+ Kg8 35. Qe6+ Kg7
36. Qe7+ Kh6 37. Re1 Qxe5+ 38. Qxe5 Rxe5 39. Rxe5 Be4 40. Kg3
Kg5 41. Rb5 Ra6 42. Rc5 a4 43. a3 Rb6 44. Rc4 Rb3+ 45. Rc3
Rxc3+ 46. bxc3 f4+ 47. Kh2 Bd5 48. Kg1 Kh4 49. Kh2 g5 50. c4
Bxc4 51. Kg1 Kg3 52. h4 f3 53. h5 f2+ 54. Kh1 Bd5# 1-0

[Event "Tradewise Gibraltar"]
[Site "Catalan Bay GIB"]
[Date "2018.01.26"]
[EventDate "2018.01.23"]
[Round "4.135"]
[Result "0-1"]
[White "Lee Bullock"]
[Black "William van de Groep"]
[WhiteElo "1572"]
[BlackElo "1972"]
[PlyCount "73"]

1. d4 f5 2. Bf4 Nf6 3. e3 e6 4. Nd2 Be7 5. Ngf3 O-O 6. c3 d5
7. Bd3 Nbd7 8. Qc2 c5 9. b3 Ne4 10. Ne5 Nxe5 11. Bxe5 Bf6
12. Nf3 Bd7 13. h3 Qa5 14. Bxe4 fxe4 15. Bxf6 gxf6 16. Nh4
cxd4 17. exd4 Rac8 18. Rc1 Bb5 19. b4 Qc7 20. a4 Bd3 21. Qd1
Qd7 22. g4 Kh8 23. f4 Qc7 24. Qd2 Qg7 25. Rg1 Qh6 26. Qf2 e5
27. dxe5 fxe5 28. g5 Qh5 29. f5 e3 30. Qxe3 Qxh4+ 31. Kd1 Bxf5
32. Qxe5+ Kg8 33. Qxd5+ Rf7 34. c4 Rc7 35. Qb5 Qd4+ 36. Ke2
Rce7+ 37. Kf3 0-1

[Event "Tradewise Gibraltar"]
[Site "Catalan Bay GIB"]
[Date "2018.01.27"]
[EventDate "2018.01.23"]
[Round "5.9"]
[Result "1/2-1/2"]
[White "Le Quang Liem"]
[Black "Bogdan-Daniel Deac"]
[WhiteElo "2737"]
[BlackElo "2549"]
[PlyCount "95"]

1. d4 Nf6 2. c4 e6 3. Nf3 d5 4. Nc3 a6 5. cxd5 exd5 6. Bg5 Be6
7. e3 Nbd7 8. h3 Bd6 9. Bd3 c6 10. O-O Qc7 11. Qd2 O-O
12. Rfe1 Rfe8 13. Bf4 Nb6 14. Bxd6 Qxd6 15. Ne5 Nc4 16. Nxc4
dxc4 17. Bf1 Rad8 18. Rad1 b5 19. e4 Qc7 20. g3 Bc8 21. e5 Nd5
22. Ne4 Be6 23. b3 cxb3 24. axb3 a5 25. Nd6 Rf8 26. Rc1 Qb6
27. Bg2 Ra8 28. Rc5 a4 29. bxa4 bxa4 30. Nc4 Qb4 31. Rxc6 Qxd2
32. Nxd2 Rfd8 33. Ra1 Ra7 34. Be4 g6 35. Ra3 Ne7 36. Rd6 Rxd6
37. exd6 Nc8 38. Bc6 Nxd6 39. g4 Ra6 40. d5 Kf8 41. dxe6 Rxc6
42. Rxa4 fxe6 43. Ra7 Nf7 44. Ne4 e5 45. h4 h6 46. Kg2 Nd6
47. Nf6 Nf7 48. Nd5 1/2-1/2

[Event "Tradewise Gibraltar"]
[Site "Catalan Bay GIB"]
[Date "2018.01.27"]
[EventDate "2018.01.23"]
[Round "5.24"]
[Result "1-0"]
[White "Daniele Vocaturo"]
[Black "Rao Prasanna"]
[WhiteElo "2609"]
[BlackElo "2458"]
[PlyCount "124"]

1. e4 e5 2. Nf3 Nc6 3. Bc4 Nf6 4. d3 Bc5 5. c3 d6 6. Bb3 a6
7. h3 Ba7 8. Nbd2 O-O 9. O-O Nh5 10. Nc4 Qf6 11. Ne3 Nf4
12. Nd5 Nxd5 13. exd5 Nd8 14. d4 e4 15. Nh2 Qg6 16. Kh1 c5
17. Be3 f5 18. f4 Nf7 19. a4 Bd7 20. a5 Qf6 21. dxc5 Bxc5
22. Qd2 Rac8 23. Rfc1 Bxe3 24. Qxe3 Rc5 25. Nf1 Qd8 26. Ba2
Rxa5 27. Nd2 Rc5 28. b4 Rc7 29. c4 g5 30. g3 gxf4 31. gxf4 Qf6
32. Nb3 Nh6 33. Nd4 Kh8 34. c5 Rg8 35. Rg1 Ng4 36. Qc3 a5
37. c6 bxc6 38. hxg4 axb4 39. g5 Qf7 40. Qb2 Qh5+ 41. Qh2
Qxh2+ 42. Kxh2 c5 43. Nc6 h6 44. gxh6 Rxg1 45. Rxg1 Bxc6
46. dxc6 Rxc6 47. Bd5 Rc7 48. Rg5 e3 49. Kg2 c4 50. Rg8+ Kh7
51. Rg7+ Rxg7+ 52. hxg7 Kxg7 53. Bxc4 Kg6 54. Kf3 Kh5 55. Kxe3
Kh4 56. Kf3 Kh5 57. Be6 Kg6 58. Ke3 Kf6 59. Bb3 Kg6 60. Bd1
Kf6 61. Kd4 Ke6 62. Bb3+ Kf6 1-0

[Event "Tradewise Gibraltar"]
[Site "Catalan Bay GIB"]
[Date "2018.01.28"]
[EventDate "2018.01.23"]
[Round "6.36"]
[Result "1-0"]
[White "Alexander Donchenko"]
[Black "Ralf Akesson"]
[WhiteElo "2580"]
[BlackElo "2443"]
[PlyCount "71"]

1. c4 Nf6 2. g3 e6 3. Bg2 d5 4. d4 Bb4+ 5. Nd2 O-O 6. Nf3 b6
7. O-O Bb7 8. Ne5 Be7 9. b3 c5 10. dxc5 bxc5 11. cxd5 exd5
12. Bb2 a5 13. Re1 a4 14. bxa4 Nbd7 15. e4 d4 16. Nec4 Nb6
17. a5 Nxc4 18. Nxc4 Nd7 19. e5 Bxg2 20. Kxg2 Ra6 21. Bc1 Qa8+
22. Qf3 Qxf3+ 23. Kxf3 f6 24. exf6 Raxf6+ 25. Kg4 Bd8 26. f4
g5 27. Rb1 Rh6 28. Rb2 gxf4 29. Bxf4 Nf6+ 30. Kf3 Nd5 31. Re8
Nxf4 32. Rxf8+ Kxf8 33. gxf4 Rh3+ 34. Ke4 Rc3 35. Kd5 d3
36. a6 1-0

[Event "Tradewise Gibraltar"]
[Site "Catalan Bay GIB"]
[Date "2018.01.28"]
[EventDate "2018.01.23"]
[Round "6.27"]
[Result "1-0"]
[White "Alexander Huzman"]
[Black "Mohammad Nubairshah Shaikh"]
[WhiteElo "2561"]
[BlackElo "2380"]
[PlyCount "95"]

1. d4 d5 2. c4 c6 3. Nc3 Nf6 4. e3 g6 5. Nf3 Bg7 6. Be2 O-O
7. O-O b6 8. a4 a5 9. cxd5 cxd5 10. b3 Ne4 11. Nxe4 dxe4
12. Nd2 Bb7 13. Ba3 Nd7 14. Qb1 f5 15. b4 Bd5 16. bxa5 bxa5
17. Rc1 Rb8 18. Bb5 Rf7 19. Qc2 e5 20. Bd6 Ra8 21. Nb3 f4
22. Nc5 f3 23. Nxd7 exd4 24. Qc5 Qg5 25. g3 dxe3 26. Ne5 exf2+
27. Kh1 Qd2 28. Rd1 Qe2 29. Bxe2 fxe2 30. Qxd5 Ra7 31. Rac1
exd1=Q+ 32. Rxd1 Bxe5 33. Qxe5 f1=Q+ 34. Rxf1 Rxf1+ 35. Kg2
Raf7 36. Qxe4 R1f2+ 37. Kh3 R7f5 38. g4 R2f3+ 39. Bg3 Rf7
40. Qa8+ Kg7 41. Qxa5 h5 42. gxh5 R7f5 43. Qc7+ Kh6 44. hxg6
Kxg6 45. a5 Rf6 46. Kg4 R3f5 47. Qc2 Rf7 48. h4 1-0

[Event "Tradewise Gibraltar"]
[Site "Catalan Bay GIB"]
[Date "2018.01.29"]
[EventDate "2018.01.23"]
[Round "7.40"]
[Result "1-0"]
[White "Fernando Peralta"]
[Black "Salome Melia"]
[WhiteElo "2559"]
[BlackElo "2404"]
[PlyCount "57"]

1. d4 Nf6 2. c4 e6 3. Nc3 Bb4 4. e3 O-O 5. Bd3 d5 6. cxd5 exd5
7. Ne2 Re8 8. O-O Bd6 9. Nf4 c6 10. f3 b6 11. Kh1 Qc7 12. g4
Bxf4 13. exf4 Ba6 14. f5 Bxd3 15. Qxd3 Nbd7 16. Ne2 c5 17. Bf4
Qb7 18. Ng3 c4 19. Qd2 Nf8 20. Be5 Qc6 21. Rae1 Rac8 22. Rg1
N6d7 23. Bxg7 Kxg7 24. Nh5+ Kh8 25. Qg5 Ng6 26. fxg6 fxg6
27. Qh6 Rg8 28. Re7 Nf8 29. Qf4 1-0

[Event "Tradewise Gibraltar"]
[Site "Catalan Bay GIB"]
[Date "2018.01.29"]
[EventDate "2018.01.23"]
[Round "7.50"]
[Result "1/2-1/2"]
[White "Mohammad Nubairshah Shaikh"]
[Black "Yi Xu"]
[WhiteElo "2380"]
[BlackElo "2482"]
[PlyCount "105"]

1. c4 Nf6 2. Nc3 e6 3. d4 Bb4 4. e3 O-O 5. Ne2 Re8 6. a3 Bf8
7. d5 c6 8. g3 b5 9. dxe6 bxc4 10. exf7+ Kxf7 11. b3 cxb3
12. Bg2 Na6 13. Qxb3+ d5 14. O-O Nc5 15. Qc2 Kg8 16. Rb1 Bg4
17. h3 Bh5 18. Nf4 Bf7 19. Na4 Qa5 20. Nxc5 Qxc5 21. Qxc5 Bxc5
22. Bb2 Bd6 23. Bxf6 gxf6 24. Rfc1 Rac8 25. Rb7 Bxa3 26. Rc3
Bd6 27. Rxa7 Be5 28. Rc1 Bxf4 29. gxf4 c5 30. Rd7 d4 31. exd4
cxd4 32. Rxc8 Rxc8 33. Rxd4 Rc4 34. Rd8+ Kg7 35. Rd7 Kg8
36. Rd8+ Kg7 37. Rd7 Kg8 38. f5 Rf4 39. Bd5 Bxd5 40. Rxd5 Kg7
41. Kg2 Kh6 42. Kg3 Kg5 43. Rd7 h6 44. h4+ Rxh4 45. Rg7+ Kh5
46. Rf7 Kg5 47. Rg7+ Kh5 48. Kf3 Rg4 49. Rf7 Kg5 50. Rg7+ Kh5
51. Rh7 Kg5 52. Rg7+ Kh5 53. Rxg4 1/2-1/2

[Event "Tradewise Gibraltar"]
[Site "Catalan Bay GIB"]
[Date "2018.01.30"]
[EventDate "2018.01.23"]
[Round "8.41"]
[Result "1-0"]
[White "Alexandra Kosteniuk"]
[Black "David Martinez Martin"]
[WhiteElo "2561"]
[BlackElo "2399"]
[PlyCount "71"]

1. e4 c5 2. Nf3 d6 3. Bb5+ Nd7 4. c3 Nf6 5. Qe2 a6 6. Ba4 b5
7. Bc2 Bb7 8. d4 e5 9. d5 Be7 10. a4 c4 11. Nbd2 Nc5 12. Nf1
Nxa4 13. Bxa4 bxa4 14. Qxc4 O-O 15. Qxa4 a5 16. Qc2 Nd7 17. c4
Qc7 18. Ne3 Nb6 19. Bd2 a4 20. O-O Rfc8 21. Rfc1 g6 22. Bb4
Bf8 23. Ra3 Qd8 24. Qd1 Bh6 25. Rac3 Ba6 26. Nd2 Rab8 27. Ba3
Rb7 28. c5 dxc5 29. Bxc5 Rbc7 30. Ng4 Bxd2 31. Qxd2 Nc4
32. Rxc4 Bxc4 33. Bb6 Bb3 34. Bxc7 Rxc7 35. Nf6+ Kh8 36. Rxc7
1-0

[Event "Tradewise Gibraltar"]
[Site "Catalan Bay GIB"]
[Date "2018.01.30"]
[EventDate "2018.01.23"]
[Round "8.47"]
[Result "0-1"]
[White "John Paul Wallace"]
[Black "Valentina Gunina"]
[WhiteElo "2415"]
[BlackElo "2502"]
[PlyCount "110"]

1. Nf3 Nf6 2. c4 e6 3. g3 b6 4. Bg2 Bb7 5. O-O c5 6. b3 Be7
7. Bb2 O-O 8. Nc3 d6 9. e3 d5 10. cxd5 Nxd5 11. d4 Nxc3
12. Bxc3 Nd7 13. Rc1 Rc8 14. Qe2 Qc7 15. Qb2 f6 16. dxc5 Nxc5
17. Bd4 Qb8 18. Bxc5 Bxc5 19. b4 Be7 20. Nd4 Bxg2 21. Kxg2 Qe5
22. Qb3 Kf7 23. b5 Bc5 24. Nc6 Qe4+ 25. Kg1 a6 26. a4 axb5
27. axb5 Ra8 28. Qd1 Ra2 29. Qd7+ Kg6 30. Rxc5 bxc5 31. b6 Rb2
32. b7 Rf7 33. Qe8 Rxb7 34. Nd8 Re7 35. Qh8 Qa4 36. Qg8 Qe8
37. Qxe8 Rxe8 38. Nxf7 Kxf7 39. Ra1 Rc8 40. Ra7+ Kg6 41. Kf1
c4 42. Ke2 c3 43. Ra1 e5 44. e4 f5 45. Kd3 c2 46. Rc1 fxe4+
47. Kxe4 Kg5 48. f3 Kf6 49. Kd3 Kf5 50. h4 h5 51. Rxc2 Rxc2
52. Kxc2 e4 53. Kd2 exf3 54. Ke3 Kg4 55. Kf2 g6 0-1

[Event "Tradewise Gibraltar"]
[Site "Catalan Bay GIB"]
[Date "2018.01.31"]
[EventDate "2018.01.23"]
[Round "9.47"]
[Result "1/2-1/2"]
[White "Tal Baron"]
[Black "Salome Melia"]
[WhiteElo "2548"]
[BlackElo "2404"]
[PlyCount "49"]

1. d4 Nf6 2. c4 e6 3. Nc3 c5 4. d5 exd5 5. cxd5 d6 6. Nf3 g6
7. Nd2 Bg7 8. e4 O-O 9. Be2 Re8 10. O-O Na6 11. Re1 Nc7 12. f3
Nh5 13. Nf1 a6 14. a4 Bd7 15. g4 Bd4+ 16. Kh1 Ng7 17. Bf4 Bf2
18. Kg2 Qf6 19. Qd2 Bxe1 20. Rxe1 b5 21. Bg5 Qe5 22. Bf4 Qf6
23. Bg5 Qe5 24. Bf4 Qf6 25. Bg5 1/2-1/2

[Event "Tradewise Gibraltar"]
[Site "Catalan Bay GIB"]
[Date "2018.01.31"]
[EventDate "2018.01.23"]
[Round "9.31"]
[Result "0-1"]
[White "Lou Yiping"]
[Black "Ju Wenjun"]
[WhiteElo "2462"]
[BlackElo "2572"]
[PlyCount "102"]

1. Nf3 Nf6 2. c4 e6 3. Nc3 c5 4. d4 cxd4 5. Nxd4 Bb4 6. Nb5 d5
7. cxd5 Nxd5 8. e4 Nxc3 9. Qxd8+ Kxd8 10. bxc3 Bc5 11. Bf4 Nc6
12. O-O-O+ Ke7 13. Nc7 Rb8 14. Bb5 Bd7 15. Rd2 Rbc8 16. Rhd1
Rhd8 17. Bg5+ f6 18. Bf4 g5 19. Bg3 h5 20. Bxc6 Bxc6 21. Rxd8
Ba3+ 22. Kc2 Rxd8 23. Rxd8 Kxd8 24. Kb3 Be7 25. Nxe6+ Kd7
26. Nd4 Bxe4 27. f3 Bd3 28. Bf2 Bd6 29. g3 b5 30. Kb2 a6
31. Be3 h4 32. Bf2 h3 33. Bg1 Be7 34. Nb3 Kc6 35. a3 Kd5
36. Bf2 Bd6 37. Nd2 f5 38. Kb3 Be2 39. Kb2 Be5 40. Kc2 Bd6
41. Kb2 Bc7 42. Kc2 a5 43. Bg1 Bd6 44. Kb2 Bd1 45. Bf2 Be5
46. Bg1 Ba4 47. Nb3 Bxb3 48. Kxb3 g4 49. f4 Bd6 50. a4 bxa4+
51. Kxa4 Ke4 0-1